| 000 | 00737nam a2200217 a 4500 | ||
|---|---|---|---|
| 005 | 20241203063743.0 | ||
| 008 | 140613s2002 ea r 000 0 spa d | ||
| 020 | _a0439421101 | ||
| 035 | _aUPN01000197853 | ||
| 049 | _aI | ||
| 050 | 4 |
_aQE861.5 _bR6.2 |
|
| 100 | 1 |
_aRobinson, Fay _935663 |
|
| 245 | 1 | 3 |
_aUn dinosaurio llamado Sue : _bel hallazgo del siglo / _cFay Robinson ; il. Portia Sloan ; tr. Jorge I. Domínguez. |
| 260 |
_aNew York : _bScholastic, _cc2002. |
||
| 300 |
_a48 p. : _bil. col. |
||
| 440 | 1 |
_a¡Hola, lector de ciencias!. _pNivel 4 |
|
| 534 |
_pTítulo original: _tA dinosaur named Sue : the find of the century |
||
| 650 | 4 |
_aDinosaurios _vLiteratura infantil _99370 |
|
| 905 | _aInfantil | ||
| 999 |
_c169954 _d169954 |
||